000 00211nam a22000857a 4500
008 170327b xxu||||| |||| 00| 0 eng d
100 _93051
_aCBSE
245 _aEnglish Exam Paper-IX
260 _aNew Delhi
_bG.B.P.
_c2010
999 _c6320
_d6320